Mountains 1,000 km away from more Prominent Mountains - Statistics

General Stats
  • This quiz has been taken 53 times
  • The average score is 13 of 35
Answers on the Map
Answers color-coded by a green-red scale on the quiz's map according to % correct below.
 
Answer Stats
LAT LON Prominence Altitude Parent # % Correct
27.98833333 86.92416667 8848 8848 1 Mount Everest
98%
45.8325 6.864444444 4695 4808 MONT BLANC 11 Mont Blanc
93%
35.36 138.7258333 3775 3775 35 Fuji San (Kengamine)
91%
63.07 -151.0041667 6144 6194 DENALI 3 Denali / Mount Mckinley
89%
-3.075833333 37.35166667 5885 5895 KILIMANJARO 4 Kilimanjaro (Kibo)
86%
19.82055556 -155.4680556 4205 4205 15 Mauna Kea
80%
-32.65333333 -70.01083333 6964 6964 2 Aconcagua
77%
37.75111111 14.99583333 3323 3323 59 Etna
77%
43.35333333 42.43916667 4741 5642 EVEREST EL'BRUS 10 El'Brus
75%
-43.6 170.1333333 3755 3755 37 Mount Cook / Aoraki
68%
46.85277778 -121.7605556 4023 4393 MOUNT RAINIER 21 Mount Rainier
61%
36.57833333 -118.2927778 3072 4417 DENALI MOUNT WHITNEY 81 Mount Whitney
55%
-4.063333333 137.1858333 4884 4884 9 Puncak Jaya / Carstensz Pyramid
43%
-1.469166667 -78.8175 4122 6267 ACONCAGUA 18 Chimborazo
41%
4.2175 9.171666667 3901 4040 MOUNT CAMEROON 31 Mount Cameroon (Fako)
39%
19.03 -97.27083333 4922 5636 DENALI ORIZABA 7 Pico De Orizaba / Citlaltépetl
36%
6.075 116.5583333 4095 4095 20 Kinabalu
30%
10.83916667 -73.68583333 5509 5700 COLON/BOLIVAR 5 Colón/Bolivar
27%
35.955 52.11 4667 5610 EVEREST DAMAVAND 12 Damavand
25%
-78.52555556 -85.61722222 4892 4892 8 Vinson Massif
18%
-77.53333333 -167.1666667 3794 3794 34 Mount Erebus
16%
35.23916667 74.59083333 4608 8125 EVEREST 14 Nanga Parbat
16%
31.05916667 -7.915833333 3757 4167 JEBEL TOUBKAL 36 Jebel Toubkal
14%
23.47 120.9575 3952 3952 27 Yu Shan
14%
56.05416667 160.6408333 4649 4750 KLYUCHEVSKAYA 13 Klyuchevskaya
11%
9.475833333 -83.51 3727 3820 CHIRRIPÓ 38 Chirripó
9%
-5.954166667 146.375 3675 4125 MOUNT FINISTERRE 45 Mount Finisterre
7%
-8.41 116.4583333 3725 3725 39 Rinjani
7%
-46.595 -73.34583333 3696 4058 SAN VALENTIN 41 San Valentin
7%
68.91666667 -29.9 3694 3694 42 Gunnbjornsfjeld
2%
-21.09833333 55.47666667 3069 3069 82 Piton De Neiges
2%
-1.696666667 101.2641667 3805 3805 33 Gunung Kerenci
0%
-73.25 -126.1 3110 3110 78 Mount Siple
0%
-16.63944444 28.27305556 3717 3717 40 Pico De Teide
0%
13.23583333 38.37083333 3996 4549 KILIMANJARO RAS DEJEN 23 Ras Dejen Terara
0%
No matching quizzes found
Score Distribution
Percent of People with Each Score
Percentile by Number Answered
Your Score History
You have not taken this quiz